000 00320nam a2200133Ia 4500
008 191201s2010 xx 000 0 und d
082 _a658.15AHF
100 _aAHMED,Noseem
245 0 _aFundamentals of Corporate Accounting
260 _aN. Delhi
_bAne Books
_c2010
300 _a694
650 _aBBA
942 _2ddc
_cBK
999 _c4949
_d4949